000 00871cam a22002894a 4500
001 15491389
005 20180228071039.0
008 081020s2009 nyuab b 001 0 eng
010 _a 2008045185
020 _a9780073385495 (alk. paper)
020 _a0073385492 (alk. paper)
020 _a9780077238551 (alk. paper)
020 _a0077238559 (alk. paper)
020 _a9780077238544 (alk. paper)
020 _a0077238540 (alk. paper)
040 _aDLC
_cDLC
_dDLC
041 _aeng
043 _an-us---
080 _a973 ALA
082 0 0 _a973 ALA
_222
100 1 _a16
101 _aHIS
245 1 0 _aAmerican history :
_cAlan Brinkley.
906 _a7
_bcbc
_corignew
_d1
_eecip
_f20
_gy-gencatlg
942 _2ddc
_cBK
999 _c43701
_d43701